书目信息 |
| 题名: |
中国牧场管理实战
|
|
| 作者: | 黄剑黎 著 | |
| 分册: | ||
| 出版信息: | 北京 企业管理出版社 2017.06 |
|
| 页数: | 306页 | |
| 开本: | 24cm | |
| 丛书名: | 博瑞森管理丛书 | |
| 单 册: | ||
| 中图分类: | S812.95 | |
| 科图分类: | ||
| 主题词: | 牧场管理--中国 | |
| 电子资源: | ||
| ISBN: | 978-7-5164-1496-5 | |
| 000 | 01120oam2 2200265 450 | |
| 001 | 5470 | |
| 005 | 20181016092242.42 | |
| 010 | @a978-7-5164-1496-5@dCNY98.00 | |
| 100 | @a20170802d2017 em y0chiy50 ea | |
| 101 | 0 | @achi |
| 102 | @aCN@b110000 | |
| 105 | @ak z 000yy | |
| 200 | 1 | @a中国牧场管理实战@9zhong guo mu chang guan li shi zhan@e畜牧业、乳业必读@f黄剑黎著 |
| 210 | @a北京@c企业管理出版社@d2017.06 | |
| 215 | @a306页@d24cm | |
| 225 | 2 | @a博瑞森管理丛书 |
| 314 | @a黄剑黎,MBA工商管理硕士、资深人力资源专家、高级人力资源管理师、高级企业培训师、作家,皇氏集团股份有限公司畜牧总经理。 | |
| 330 | @a本书中既有对牧场管理理念与方法的阐述,也参阅了国内众多专家在牧场管理工具和标准方面的一些做法,并系统提出了自己的牧场运营模式,始终遵循“人人头上有指标,人人头上一把刀,人人有事做,事事有人做”的原则,从牧场的管理标准、管理制度、操作规程做了深刻的剖析和指引。 | |
| 461 | 0 | @12001 @a博瑞森管理丛书 |
| 517 | 1 | @a畜牧业、乳业必读@9xu mu ye、 ru ye bi du |
| 606 | 0 | @a牧场管理@y中国 |
| 690 | @aS812.95@v5 | |
| 701 | 0 | @a黄剑黎@9huang jian li@4著 |
| 801 | 0 | @aCN@b91MARC@c20170802 |
| 905 | @aMuseLib@dS812.95@e185 | |
| 中国牧场管理实战:畜牧业、乳业必读/黄剑黎著.-北京:企业管理出版社,2017.06 |
| 306页;24cm.-(博瑞森管理丛书) |
| ISBN 978-7-5164-1496-5:CNY98.00 |
| 本书中既有对牧场管理理念与方法的阐述,也参阅了国内众多专家在牧场管理工具和标准方面的一些做法,并系统提出了自己的牧场运营模式,始终遵循“人人头上有指标,人人头上一把刀,人人有事做,事事有人做”的原则,从牧场的管理标准、管理制度、操作规程做了深刻的剖析和指引。 |
| ● |
| 相关链接 |
|
|
|
|
正题名:中国牧场管理实战
索取号:S812.95/185
 
预约/预借
| 序号 | 登录号 | 条形码 | 馆藏地/架位号 | 状态 | 备注 |
| 1 | 1129865 | 211298656 | 第二样本阅览室/ [索取号:S812.95/185] | 在馆 | |
| 2 | 1129866 | 211298665 | 密集书库-生命科学系/ [索取号:S812.95/185] | 在馆 | |
| 3 | 1129867 | 211298674 | 第三借阅区/ [索取号:S812.95/185] | 在馆 | |
| 4 | 1129868 | 211298683 | 第三借阅区/ [索取号:S812.95/185] | 在馆 | |
| 5 | 1129869 | 211298692 | 第三借阅区/ [索取号:S812.95/185] | 在馆 |